000 00623nam a2200205Ia 4500
005 20250508151907.0
008 008 250505s9999 xx 000 0 eng d
037 _aTextual
040 _aFEDL
_beng
_cFEDL
041 _aeng
_2eng
084 _a491.43, CIE
_qFEDL
100 _aBasu A N
245 0 _aBasic vocabulary for adults
245 0 _cC I E Studies in Education and Psychology
260 _aDelhi, India
_bCentral Institute of Education
_c1956
300 _a87p.
546 _aPublications Number 11; Acc. No. 14030 is weeded out
942 _cTEXL
_h491.43, CIE
999 _c1332773
_d1332773